All Pokémon TV Show Seasons - Statistics

General Stats
  • This quiz has been taken 44 times
  • The average score is 11 of 26
Answer Stats
Hint Answer % Correct
Ep. 48 2013 XY
81%
Ep. 82 1997 Indigo League
78%
Ep. 47 2015 XYZ
78%
Ep. 50 2010 Black and White
64%
Ep. 43 2016 Sun and Moon
58%
Ep. 52 2006 Diamond and Pearl
56%
Ep. 41 1999 Johto Journeys
53%
Ep. 48 2019 Journeys
53%
Ep. 40 2002 Advanced
50%
Ep. 54 2004 Advanced Battle
50%
Ep. 47 2005 Battle Frontier
44%
Ep. 65 2001 Master Quest
39%
Ep. 53 2008 Diamond and Pearl Galactic Battles
36%
Ep. N/A 2023 Horizons
36%
Ep. 57 2021 Ultimate Journeys
36%
Ep. 52 2003 Advanced Challenge
33%
Ep. 42 2020 Master Journeys
33%
Ep. 49 2011 Black and White Rival Destinies
31%
Ep. 52 2007 Diamond and Pearl Battle Dimension
31%
Ep. 34 2010 Diamond and Pearl Sinnoh League Victors
31%
Ep. 52 2000 Johto League Champions
28%
Ep. 36 1999 Adventures in the Orange Islands
25%
Ep. 45 2014 XY Kalos Quest
25%
Ep. 49 2017 Sun and Moon Ultra Adventures
22%
Ep. 59 2018 Sun and Moon Ultra Legends
17%
Ep. 45 2012 Black and White Advetures in Unova and Beyond
0%
No matching quizzes found
Score Distribution
Percent of People with Each Score
Percentile by Number Answered
Your Score History
You have not taken this quiz